| 000 | 01103cab a2200205 4500 | ||
|---|---|---|---|
| 001 | ABS38450 | ||
| 008 | 090401t1987 xxu||||| |||| 00| 0 eng d | ||
| 035 | _a(Sirsi) u10700 | ||
| 041 | _aeng | ||
| 100 | _aMcConnell, R.S. | ||
| 245 | 4 | _aThe implementation and the future of development plans | |
| 260 | _c1987 | ||
| 350 | _a0 | ||
| 490 |
_aLand Development Studies _v4 1987, 79-107(29) |
||
| 520 | _aExamines in detail criticisms of development plans and proposals for changes in the planning system from 1965 up to the present day. Considers such reports as the future of development plans by the Planning Advisory Group 1965, Implementation of planning policies and the role of development plans by Oxford Polytechnic , the Nuffield Foundation report Town and country planning, 1986 and the DOE consultation paper, The future of development plans. This article focuses mainly on the effectiveness of development plans, particularly its implementation and allocation of resources. References. | ||
| 650 | _aPLANNING | ||
| 690 | _aPLANNING LAW AND PRACTICE | ||
| 942 | _n0 | ||
| 948 | _c04/03/1997 | ||
| 999 |
_c6791 _d6791 |
||